000 01491cam a22002054a 4500
005 20250605164218.0
008 250528s ||||||||||||||||||||||||d
035 _a20528
020 _a521077281
040 _aGR-AtMCL
_bgre
_dGR-AtMCL
_eAACR2
245 1 _aThe Birth of Modern Europe / Cambridge Introduction to the History of Mankind: Book 6
260 _bCambridge University Press,
_c1975
300 _a96
505 0 _aPeriods and People and Portraits, Renaissance Europe, The Tudor in Monarchy in England, Nation-States' of Early Modern Europe, Italy and the Renaissance, The New Pattern of War, Reformation Europe, Germany and the Protestant Reformation, The Puritan Churches, The Catholic Revival, The Wars of Religion, The English Revolution, Elizabeth and Her People, Towards Civil War, How Parliament Won, The Army Takes Over, Dictator of England, Happy Restoration and Glorious Revolution.
520 _aPeriods and People and Portraits, Renaissance Europe, The Tudor in Monarchy in England, Nation-States' of Early Modern Europe, Italy and the Renaissance, The New Pattern of War, Reformation Europe, Germany and the Protestant Reformation, The Puritan Churches, The Catholic Revival, The Wars of Religion, The English Revolution, Elizabeth and Her People, Towards Civil War, How Parliament Won, The Army Takes Over, Dictator of England, Happy Restoration and Glorious Revolution.
700 1 _aCairns Trevor
_92796
942 _cBK
999 _c5627
_d5627